| 000 | 00497cam a2200205ua 4500 | ||
|---|---|---|---|
| 001 | 7820 | ||
| 005 | 20260515114247.0 | ||
| 008 | 141224n ii |||gr||||Z||||||eng | ||
| 040 | _cMAIN | ||
| 041 | _aeng | ||
| 082 | _a001 | ||
| 100 |
_aJainM., _eEditor. |
||
| 245 | 1 |
_aA handy guide to common preliminary examination _cEdited by Manoj Jain |
|
| 250 | _a1st. | ||
| 260 |
_aKolkatta: _bGBD, _c2012. |
||
| 300 | _axxxiv,306p. | ||
| 653 | _aKnowledge | ||
| 653 | _aGeneral knowledge | ||
| 942 | _cBK | ||
| 999 |
_c6935 _d6935 |
||